Statistics for Countries with 4 letters in some Western Europe language

Click here to take the quiz!

General Stats

  • This quiz has been taken 43 times
  • The average score is 11 of 14

Answer Stats

English French German Italian Portuguese Spanish % Correct
E F G I SIraqIrakIrakIraqIraqueIrak
97%
E F G I P SIranIranIranIranIrãoIrán
97%
E F G I SOmanOmanOmanOmanOmãOmán
86%
E I P SFijiFidjiFidschiFigiFijiFiyi
86%
E F G I P SMaliMaliMaliMaliMaliMalí
84%
E F G I P STogoTogoTogoTogoTogoTogo
84%
E G I P SPeruPérouPeruPerùPeruPerú
84%
E F G I P SLaosLaosLaosLaosLaosLaos
78%
E F G I P SCubaCubaKubaCubaCubaCuba
78%
E I SChadTchadTschadCiadChadeChad
78%
IChinaChineChinaCinaChinaChina
70%
IChileChiliChileCileChileChile
59%
FIndiaIndeIndienIndiaÍndiaIndia
51%
PGhanaGhanaGhanaGhanaGanaGhana
46%

Score Distribution

Percentile by Number Answered

Percent of People with Each Score

Your Score History

You have not taken this quiz